| 000 | 00663nam a2200217 u 4500 | ||
|---|---|---|---|
| 005 | 20210223132902.0 | ||
| 008 | 160418s2013 mx r 000 0 spa d | ||
| 020 | _a9786077514749 | ||
| 035 | _aUPN01000209610 | ||
| 049 | _aCG | ||
| 050 | 4 |
_aF1392 G8 _bT4.2 |
|
| 100 | 1 |
_aTelón Yucuté, Rodrigo _939089 |
|
| 245 | 1 | 0 |
_aDespués de la mina : _btestimonio de una persona refugiada / _cRodrigo Telón Yucuté. |
| 260 |
_aMéxico : _bCONAPRED, _c2013. |
||
| 300 |
_a110 p. : _bil. |
||
| 440 | 0 |
_aTestimonios sobre discriminación ; _v3 |
|
| 650 | 4 |
_aGUATEMALTECOS EN MEXICO _915980 |
|
| 650 | 4 |
_aREFUGIADOS - _xMEXICO _915979 |
|
| 905 | _aLibro | ||
| 999 |
_c181711 _d181711 |
||